Famous Beatles Songs: Fill in the blank - Statistics

General Stats
  • This quiz has been taken 36 times
    32 since last reset
  • The average score is 12 of 15
Answer Stats
Answer % Correct
All you need is {Love}
100%
Hey {Jude}
100%
{Let} It Be
100%
Sergeant {Pepper}'s Lonely Hearts Club Band
97%
Please Please {Me}
93%
Strawberry {Fields Forever}
87%
Paperback {Writer}
80%
Got to get you into {My Life}
77%
{Octopus} Garden
73%
{Nowhere} Man
70%
The Ballad of {John and Yoko}
63%
Happiness is a {Warm Gun}
60%
Here, There, {and Everywhere}
60%
I want you (she's {so heavy})
53%
You won't {See} Me
50%
No matching quizzes found
Score Distribution
Percent of People with Each Score
Percentile by Number Answered
Your Score History
You have not taken this quiz since the last reset